Introduction to algorithms (Record no. 919155)

MARC details
000 -LEADER
fixed length control field 00478nam a2200157Ia 4500
008 - FIXED-LENGTH DATA ELEMENTS--GENERAL INFORMATION
fixed length control field 231031s2022 xx 000 0 und d
020 ## - INTERNATIONAL STANDARD BOOK NUMBER
International Standard Book Number 9780262046305
041 ## - LANGUAGE CODE
Language code of text/sound track or separate title eng
082 ## - DEWEY DECIMAL CLASSIFICATION NUMBER
Classification number 005.13/COR/LEI/RIV/STE
100 ## - MAIN ENTRY--PERSONAL NAME
Personal name Cormen, Thomas H.; Cormen, Thomas H.; Leiserson, Charles Eric; Rivest, Ronald L.
245 ## - TITLE STATEMENT
Title Introduction to algorithms
250 ## - EDITION STATEMENT
Edition statement 4 th Ed.
260 ## - PUBLICATION, DISTRIBUTION, ETC.
Place of publication, distribution, etc. Camridge London Enland
Name of publisher, distributor, etc. MIR Press
Date of publication, distribution, etc. 2022
300 ## - PHYSICAL DESCRIPTION
Extent 1291
650 ## - SUBJECT ADDED ENTRY--TOPICAL TERM
Topical term or geographic name entry element Computer Programming
Holdings
Withdrawn status Lost status Damaged status Not for loan Home library Current library Date acquired Cost, normal purchase price Total Checkouts Full call number Barcode Date last seen Price effective from Koha item type
        BVDU Department of Engineering and Technology off Campus , Navi Mumbai BVDU Department of Engineering and Technology off Campus , Navi Mumbai 02/02/2023 11624.00   005.13/COR/LEI/RIV/STE ETM-E2541 31/10/2023 31/10/2023 Book